• 首页
  • 本馆介绍
  • 公告通知
  • 最新文献
  • 馆藏检索
  • 电子资源
  • 读者导购
  • 参考咨询
  • 我的图书馆
  • 登录
  • 详细信息显示
  • 放入我的书架
  • 预约/预借图书
  • 作者相关作品
  • 分类相关作品
  • 丛书相关作品
  • 出版社相关作品

书目信息

  • 表格格式
  • 工作单格式
  • 卡片格式
题名:
奥斯卡奖70年
    
 
作者: 晨曦 , 晨曦 编著
分册:  
出版信息: 北京   世界图书出版公司北京分公司  1999
页数: 631页
开本: 20cm
丛书名:
单 册:
中图分类: J997.127
科图分类:
主题词: 奥斯卡金像奖--1927~1997--史料
电子资源:
ISBN: 7-5062-3686-9
000 01106nam0 2200325 450
000 01071nam0 2200313 450
000 01034nam0 2200301 450
000 00954nam0 2200289 450
000 00917nam0 2200277 450
000 00850nam0 2200253 450
001 0104000024
005 20061027101559.41
010    @a7-5062-3686-9@dCNY32.00
100    @a20060418d1999 em y0chiy0110 ea
101 0  @achi@aeng
102    @aCN@b110000
105    @ay z 000yy
200 1  @a奥斯卡奖70年@Aao si ka jiang 70 nian@f晨曦编著@Fchen xi bian zhu
210    @a北京@c世界图书出版公司北京分公司@d1999
215    @a631页@d20cm
330    @a本书共分四个部分,第一部分是70届奥斯卡奖,第二部分是50位艺术类影星的简介,第三部分是10位动作片影星的介绍,第四部分是4位导演和制片人。
510 1  @aOscar 70@zeng
606 0  @a奥斯卡金像奖@z1927~1997@j史料
690    @aJ997.127@v4
701  0 @a晨曦@9chen xi@4编著
701  0 @a晨曦@Achen xi@4编著
801  0 @aCN@b北京荣雅伟业图书经销中心@c20061027
905    @aBZT@dJ997.127@e1
906    @dCNY32.00@n0@r1
    
    奥斯卡奖70年/晨曦编著.-北京:世界图书出版公司北京分公司,1999
    631页;20cm
    
    
    ISBN 7-5062-3686-9:CNY32.00
    本书共分四个部分,第一部分是70届奥斯卡奖,第二部分是50位艺术类影星的简介,第三部分是10位动作片影星的介绍,第四部分是4位导演和制片人。
●
相关链接 在五车中查询图书 在当当中查询图书 在豆瓣中查询图书


正题名:奥斯卡奖70年     索取号:J997.127/1         预约/预借

序号 登录号 条形码 馆藏地/架位号 状态 备注
1 511991   230091326   中心书库中库/ 中库021架B面5列6层19/ [索取号:J997.127/1] 在馆    
2 511992   230091327   中心书库中库/ 中库021架B面5列6层21/ [索取号:J997.127/1] 在馆    
3 511993   230091328   中心书库中库/ 中库021架B面5列6层22/ [索取号:J997.127/1] 在馆    
4 511995   230091329   中心书库中库/ 中库021架B面5列6层20/ [索取号:J997.127/1] 在馆    
山东省滨州职业学院图书馆 欢迎您!
大连网信软件有限公司© 版权所有